Logo BPK

Bibliografia Prac Pracowników

Politechniki Koszalińskiej

Częstości własne cienkich pił tarczowych a ich sztywność modalna / (Rekord nr 6643)

Szczegóły MARC
000 -ETYKIETA REKORDU
podpole kontrolne o stałej długości 00911naa a2200217 i 4500
001 - NUMER KONTROLNY REKORDU
podpole kontrolne BPP
003 - IDENTYFIKATOR NUMERU KONTROLNEGO REKORDU
podpole kontrolne BPK
005 - DATA OSTATNIEJ MODYFIKACJI REKORDU
podpole kontrolne 20150114143225.0
008 - POLE O STAŁEJ DŁUGOŚCI - DANE KONTROLNE
podpole kontrolne o stałej długości 150114s1984 pl f |100 0 pol
040 ## - ŹRÓDŁO KATALOGOWANIA
Instytucja, która utworzyła rekord BPK
080 ## - UNIWERSALNA KLASYFIKACJA DZIESIĘTNA - UKD
UKD 621.93
100 ## - NAZWA OSOBOWA
Nazwa osobowa INGIELEWICZ, Ryszard.
Lata pracy 1972 - 1996.
Instytucja Wyższa Szkoła Inżynierska w Koszalinie - Wydział Inżynierii Lądowej i Sanitarnej,
Wydział Zakład Mechaniki Budowli
245 ## - TYTUŁ/ODPOWIEDZIALNOŚĆ
Tytuł Częstości własne cienkich pił tarczowych a ich sztywność modalna /
Pozostałe elementy strefy tytułu i oznaczenia odpowiedzialności Ryszard Ingielewicz.
260 ## - STREFA ADRESU WYDAWNICZEGO
Data publikacji, dystrybucji/powstania dokumentu 1984.
500 ## - UWAGI OGÓLNE
Tekst uwagi Dane z kartoteki bpp.
650 #0 - HASŁO PRZEDMIOTOWE W FORMIE NAZWY OGÓLNEJ LUB JEDNOSTKOWEJ
Nazwa ogólna lub geograficzna Piła tarczowa.
655 #0 - TERMIN INDEKSOWY - OKREŚLENIE RODZAJU/FORMY DOKUMENTU
Określnie rodzaju/formy dokumentu Materiały konferencyjne.
711 ## - HASŁO DODATKOWE - NAZWA IMPREZY
Nazwa imprezy Sympozjum : Drgania w układach fizycznych
Oznaczenie części/sekcji dzieła (11 ;
Data imprezy 1984.05.24-26 ;
Miejsce imprezy Poznań - Błażejewko, Polska).
773 ## - TYTUŁ DOKUMENTU MACIERZYSTEGO
Wyrażenie wprowadzające W :
Tytuł Drgania w układach fizycznych : XI Sympozjum. -
Adres wydawniczy Poznań : Politechnika Poznańska, 1984. -
Informacje dotyczące relacji s. 159-160
942 ## - HASŁO DODATKOWE - ELEMENTY(KOHA)
Typ dokumentu Artykuł
Schemat klasyfikacji Uniwersalna klasyfikacja dziesiętna

Brak dostępnych egzemplarzy.

© 2014 Biblioteka Politechniki Koszalińskiej :: BIBLIOGRAFIA PRAC PRACOWNIKÓW